Complete mathematics for All India Engineering Entrance Examination (AIEEE) 2008 / (Record no. 5791)
[ view plain ]
| 000 -LEADER | |
|---|---|
| fixed length control field | 00615 a2200181 4500 |
| 010 ## - LCCN (DPL NO) | |
| LC control number | ENG-87045 |
| 020 ## - INTERNATIONAL STANDARD BOOK NUMBER | |
| International Standard Book Number | 0070660352 |
| Terms of availability | 450.00 |
| 035 ## - SYSTEM CONTROL NUMBER | |
| System control number | EN-70578, B-225470, B-225477 |
| 037 ## - SOURCE OF ACQUISITION | |
| Source of stock number/acquisition | DBAD / PUB |
| 082 14 - DEWEY DECIMAL CLASSIFICATION NUMBER | |
| Classification number | 510 |
| 245 1# - TITLE STATEMENT | |
| Title | Complete mathematics for All India Engineering Entrance Examination (AIEEE) 2008 / |
| 260 ## - PUBLICATION, DISTRIBUTION, ETC. (IMPRINT) | |
| Place of publication, distribution, etc | New Delhi |
| Name of publisher, distributor, etc | Tata McGraw-Hill Publishing |
| Date of publication, distribution, etc | 2008 |
| 270 ## - ADDRESS | |
| Address | 7, West Patel Nagar |
| City | New Delhi |
| Postal code | 110 008 |
| 300 ## - PHYSICAL DESCRIPTION | |
| Extent | various pagings |
| Dimensions | 23 cm (pbk) |
| 490 ## - SERIES STATEMENT | |
| Series statement | Tata McGraw-Hill's Winning Edge series |
| 500 ## - GENERAL NOTE | |
| General note | Includes index |
| 942 ## - ADDED ENTRY ELEMENTS (KOHA) | |
| Institution code [OBSOLETE] | dpl |
| Item type | English Books |
| Source of classification or shelving scheme | Dewey Decimal Classification |
| Classification part | 510 |
| Call number suffix | COM |
| Withdrawn status | Lost status | Not for loan | Collection code | Home library | Current library | Source of acquisition | Cost, normal purchase price | Full call number | Barcode | Copy number | Cost, replacement price | Koha item type | Date acquired |
|---|---|---|---|---|---|---|---|---|---|---|---|---|---|
| Not For Loan | Non-fiction | D.B.Act.Division | D.B.Act.Division | DBAD/PUB | 450.00 | 510 COM | EN-70578 | 1 | 450.00 | English Books | |||
| Binding | Non-fiction | Shahdara Branch | Shahdara Branch | BPPD/PUB | 510 COM | B-225477 | English Books | 16/01/2019 | |||||
| Non-fiction | Vigyan Vihar | Vigyan Vihar | BPPD/PUB | 450.00 | 510 COM | B-225470 | 450.00 | English Books | 19/12/2018 |
